Countries Closest to Vatican City - distance order - Statistics

General Stats
  • This quiz has been taken 534 times
  • The average score is 10 of 20
Answer Stats
country % Correct
1 Italy
100%
2 San Marino
95%
3 France
91%
4 Croatia
71%
6 Slovenia
64%
5 Bosnia and Herzegovina
61%
9 Switzerland
58%
7 Monaco
57%
10 Austria
56%
8 Montenegro
49%
12 Albania
41%
13 Serbia
36%
20 Macedonia & Malta, tied
33%
11 Tunisia
33%
16 Germany
30%
17 Greece
30%
15 Liechtenstein
30%
14 Hungary
27%
18 Kosovo
23%
19 Algeria
19%
No matching quizzes found
Score Distribution
Percent of People with Each Score
Percentile by Number Answered
Your Score History
You have not taken this quiz